000 00431nam a2200181Ia 4500
001 3000
005 20260306144848.0
008 260306t1986||||xx |||||||||||||| ||spa||
041 _aESP
082 _a240
_bP84 T. 1
100 _aRincón Orduña, R.
_eAUT
245 0 _aPraxis cristiana:
_bfundamentación
260 _c1986
300 _a474 páginas :
_c22 cm.
650 _aGEN
654 _aCHU
942 _cLIB
_dJUS
_fJUS
_2ddc
_n
999 _c3000
_d3000